[Event "Carnaval"]
[Site "Quebec CAN"]
[Date "1989.02.05"]
[Round "5"]
[White "Brousseau, Denis"]
[Black "Dumas, Denis"]
[Result "1-0"]
[WhiteElo "1567"]
[BlackElo "1450"]
[PlyCount "93"]
[GameId "2160767912519786"]
[EventDate "1989.02.03"]
[EventType "swiss"]
[EventRounds "5"]
[EventCountry "CAN"]
[SourceTitle "FQE 08"]

1. e4 e5 2. Nf3 Nc6 3. Bb5 d6 4. c3 Bd7 5. d4 a6 6. Bd3 Bg4 7. d5 Nce7 8. h3 Bh5 9. Be3 Bg6 10. Nbd2 f5 11. Bg5 fxe4 12. Bxe4 Bxe4 13. Nxe4 h6 14. Bd2 Nxd5 15. Qa4+ b5 16. Qb3 Ngf6 17. Ng3 Qd7 18. O-O Be7 19. Nh5 g6 20. Ng3 Nb6 21. Qc2 O-O-O 22. Qxg6 Nc4 23. Bc1 Qc6 24. Nf5 Qd7 25. b3 Rdg8 26. Nxe7+ Qxe7 27. Qf5+ Kd8 28. bxc4 Qg7 29. g3 h5 30. Bg5 Rf8 31. cxb5 axb5 32. a4 b4 33. cxb4 c6 34. b5 Kc7 35. b6+ Kxb6 36. a5+ Kc7 37. Bxf6 Rxf6 38. Qd3 Ra8 39. a6 Qd7 40. Kh2 Kd8 41. Rfd1 Qa7 42. Rd2 d5 43. Qe2 e4 44. Ng5 Qg7 45. h4 Rxf2+ 46. Qxf2 e3 47. Ne6+ 1-0

[Event "Carnaval"]
[Site "Quebec CAN"]
[Date "1989.02.05"]
[Round "5"]
[White "Morin, Louis"]
[Black "Poliquin, Yvon"]
[Result "1-0"]
[WhiteElo "1940"]
[BlackElo "1695"]
[PlyCount "111"]
[GameId "2160767912519789"]
[EventDate "1989.02.03"]
[EventType "swiss"]
[EventRounds "5"]
[EventCountry "CAN"]
[SourceTitle "hb 2013"]

1. e4 e5 2. Nf3 Nf6 3. Nc3 Nc6 4. Bb5 Nd4 5. Nxe5 Nxb5 6. Nxb5 c6 7. Nc3 d5 8. exd5 Nxd5 9. O-O Nxc3 10. bxc3 Bd6 11. Re1 O-O 12. d4 Be6 13. Qh5 Qa5 14. Qf3 Bd5 15. Qh3 Be6 16. Qd3 Qc7 17. a4 Rfe8 18. Ba3 Bxa3 19. Rxa3 Re7 20. Re3 Rae8 21. c4 f6 22. Nf3 Bf7 23. d5 cxd5 24. cxd5 Bg6 25. Qc3 Rd8 26. Qd4 Rxe3 27. fxe3 Qxc2 28. Rc3 Qb1+ 29. Kf2 Qa2+ 30. Kg3 Qxd5 31. Qxd5+ Rxd5 32. Rc8+ Kf7 33. Rc7+ Kf8 34. Rxb7 Ra5 35. Nd4 Bf7 36. Rb8+ Be8 37. Nb5 a6 38. Nc7 Re5 39. Nxa6 Rxe3+ 40. Kf2 Re7 41. a5 Kf7 42. Nb4 Ra7 43. a6 Bc6 44. Nxc6 Rxa6 45. Rb7+ Kg6 46. Nd4 Ra2+ 47. Kf3 Ra3+ 48. Kf4 Ra4 49. Rd7 h5 50. h4 Kh6 51. Kf5 Ra5+ 52. Ke6 Ra6+ 53. Kf7 g5 54. Nf5+ Kh7 55. g3 gxh4 56. gxh4 1-0

[Event "Carnaval"]
[Site "Quebec CAN"]
[Date "1989.02.05"]
[Round "5"]
[White "Parent, Francois"]
[Black "Tremblay, Sylvain"]
[Result "0-1"]
[WhiteElo "1809"]
[BlackElo "1620"]
[PlyCount "54"]
[GameId "2160767912519790"]
[EventDate "1989.02.03"]
[EventType "swiss"]
[EventRounds "5"]
[EventCountry "CAN"]

1. e4 c5 2. Nf3 e6 3. d4 cxd4 4. Nxd4 a6 5. c4 Nf6 6. Nc3 d6 7. Be2 Be7 8. Bf3 Nbd7 9. g3 Qc7 10. Be2 b6 11. Be3 Bb7 12. f3 O-O 13. Rc1 Rfd8 14. O-O h6 15. Rf2 Bf8 16. Bf1 Ne5 17. Qb3 Nfd7 18. Qd1 Rac8 19. b3 Nc5 20. Rd2 Qb8 21. f4 Ned7 22. Bg2 Qa8 23. Qc2 Nf6 24. e5 Ng4 25. Bxb7 Qxb7 26. Re2 dxe5 27. fxe5 Nxe3 0-1

[Event "Charny"]
[Site "Charny CAN"]
[Date "1989.??.??"]
[Round "?"]
[White "Drolet, Stephane"]
[Black "Lessard, Claude"]
[Result "1-0"]
[WhiteElo "1898"]
[BlackElo "1925"]
[PlyCount "99"]
[GameId "2160767912519888"]
[EventDate "1989.??.??"]
[EventType "swiss"]
[EventCountry "CAN"]

1. d4 Nf6 2. c4 g6 3. Nc3 Bg7 4. e4 d6 5. Be2 O-O 6. Nf3 Nbd7 7. O-O e5 8. d5 a5 9. Qc2 Nc5 10. Ne1 Nh5 11. Bxh5 gxh5 12. Be3 b6 13. Ne2 f5 14. exf5 Bxf5 15. Qc1 Qf6 16. Ng3 Bg6 17. Bg5 Qf7 18. Qe3 e4 19. Rb1 Rae8 20. b3 Nd3 21. Nc2 Qd7 22. Nd4 Bxd4 23. Qxd4 Ne5 24. h3 Qxh3 25. gxh3 Nf3+ 26. Kg2 Nxd4 27. Bh6 Rf7 28. Rbe1 Nf3 29. Rd1 Nh4+ 30. Kh1 Rf3 31. Kh2 Nf5 32. Bg5 h6 33. Bc1 Rf8 34. Nh1 h4 35. Rg1 Kh7 36. Rg4 e3 37. fxe3 Nxe3 38. Bxe3 Rxe3 39. Rdg1 Re2+ 40. R1g2 Rxg2+ 41. Kxg2 Re8 42. Kf2 Bd3 43. Rf4 Kg6 44. Kf3 Re2 45. Nf2 Rd2 46. Ke3 Rxa2 47. Kxd3 Ra3 48. Kc2 Kg5 49. Rg4+ Kf5 50. Kb2 1-0

[Event "Civic Holiday Bonanza"]
[Site "Vancouver CAN"]
[Date "1989.08.??"]
[Round "?"]
[White "Broffman, Peter"]
[Black "Burke, Paul"]
[Result "1/2-1/2"]
[WhiteElo "1962"]
[BlackElo "2070"]
[PlyCount "63"]
[GameId "2160767912502503"]
[EventDate "1989.08.05"]
[EventType "swiss"]
[EventRounds "6"]
[EventCountry "CAN"]
[SourceTitle "CFC 1989.10"]

1. e4 e5 2. Nc3 Bc5 3. Bc4 d6 4. d3 Be6 5. Bxe6 fxe6 6. Qh5+ g6 7. Qg4 Qd7 8. Bg5 Ne7 9. h4 Nbc6 10. h5 O-O-O 11. f3 gxh5 12. Qxh5 Nd4 13. O-O-O b5 14. Bf6 b4 15. Qf7 bxc3 16. bxc3 Ndc6 17. Bxh8 Rxh8 18. Rxh7 Rxh7 19. Qxh7 Be3+ 20. Kb2 Na5 21. Ne2 Qb5+ 22. Ka1 Kd7 23. Rb1 Qa4 24. Rb2 Nc4 25. dxc4 Qxc4 26. Rb8 Qxe2 27. Qh8 Qd1+ 28. Kb2 Qc1+ 29. Kb3 Qb1+ 30. Kc4 Qf1+ 31. Kb3 Qb1+ 32. Kc4 1/2-1/2

[Event "Concordia CC Summer"]
[Site "Kitchener CAN"]
[Date "1989.??.??"]
[Round "?"]
[White "Olheiser, Gordon"]
[Black "Becker, Paul"]
[Result "1-0"]
[WhiteElo "2038"]
[BlackElo "1826"]
[PlyCount "49"]
[GameId "2160767912519890"]
[EventDate "1989.??.??"]
[EventType "tourn"]
[EventRounds "8"]
[EventCountry "CAN"]
[SourceTitle "CFC 1989.12"]

1. e4 c5 2. Nf3 d6 3. d4 cxd4 4. Nxd4 Nf6 5. Nc3 a6 6. Bg5 e6 7. f4 Be7 8. Qf3 Qc7 9. O-O-O Nbd7 10. g4 b5 11. Bxf6 Nxf6 12. g5 Nd7 13. f5 b4 14. fxe6 Bxg5+ 15. Kb1 Nf6 16. Nd5 Nxd5 17. exd5 O-O 18. Bd3 g6 19. Rdf1 Bh6 20. Qh3 Bg7 21. Nf5 fxe6 22. Nxg7 Rxf1+ 23. Rxf1 Qxg7 24. dxe6 Qe5 25. Qf3 1-0

[Event "Confrontation I 1989-90"]
[Site "Longueuil CAN"]
[Date "1989.09.22"]
[Round "1"]
[White "Charest, Johanne"]
[Black "Vaillancourt, Luc"]
[Result "1/2-1/2"]
[WhiteElo "1600"]
[BlackElo "1815"]
[PlyCount "33"]
[GameId "2160767912502416"]
[EventDate "1989.09.22"]
[EventType "swiss"]
[EventRounds "5"]
[EventCountry "CAN"]

1. e4 e5 2. Nf3 Nc6 3. Bc4 Nf6 4. Ng5 d5 5. exd5 Na5 6. Bb5+ c6 7. dxc6 bxc6 8. Be2 Bc5 9. Nc3 Bf5 10. d3 O-O 11. O-O Nd5 12. Nce4 Bb6 13. Bg4 Bg6 14. Bh5 Bf5 15. Bg4 Bg6 16. Bh5 Bf5 17. Bg4 1/2-1/2

[Event "Confrontation I 1989-90"]
[Site "Longueuil CAN"]
[Date "1989.09.29"]
[Round "2"]
[White "Charest, Johanne"]
[Black "Boulet, Michel"]
[Result "1/2-1/2"]
[WhiteElo "1600"]
[BlackElo "1682"]
[PlyCount "97"]
[GameId "2160767912502417"]
[EventDate "1989.09.22"]
[EventType "swiss"]
[EventRounds "5"]
[EventCountry "CAN"]

1. e4 e6 2. d4 d5 3. e5 c5 4. c3 Qb6 5. Nf3 Bd7 6. Be2 Ne7 7. Na3 Nf5 8. Nc2 Nc6 9. O-O Rc8 10. a4 Na5 11. dxc5 Qc7 12. b4 Nb3 13. Ra3 Nxc1 14. Qxc1 a5 15. Qd2 b6 16. cxb6 Qxb6 17. Rb1 Be7 18. Bd3 Nh4 19. Nxh4 Bxh4 20. Nd4 Be7 21. Ra2 axb4 22. a5 Qa7 23. Nb5 Qb8 24. a6 O-O 25. a7 Qb6 26. Nd4 Ra8 27. cxb4 Rxa7 28. Rxa7 Qxa7 29. b5 Kh8 30. b6 Qb7 31. Qe2 Rb8 32. Ba6 Qa8 33. b7 Qa7 34. Nb3 Bc5 35. Rc1 Bxf2+ 36. Qxf2 Qxa6 37. Qxf7 Qxb7 38. Nc5 Qb2 39. Rf1 Qd4+ 40. Kh1 Qxc5 41. Qxd7 Qb6 42. Qe7 Qd8 43. Qxe6 h6 44. Qf7 d4 45. e6 d3 46. e7 Qg8 47. Qf8 Kh7 48. Qf5+ g6 49. Qxd3 1/2-1/2

[Event "Confrontation I 1989-90"]
[Site "Longueuil CAN"]
[Date "1989.10.06"]
[Round "3"]
[White "Letourneau, Jean"]
[Black "Charest, Johanne"]
[Result "1-0"]
[WhiteElo "1791"]
[BlackElo "1600"]
[PlyCount "63"]
[GameId "2160767912502418"]
[EventDate "1989.09.22"]
[EventType "swiss"]
[EventRounds "5"]
[EventCountry "CAN"]

1. e4 e5 2. Nc3 Nc6 3. Bc4 Nf6 4. d3 Bc5 5. f4 exf4 6. Bxf4 d6 7. Nf3 Ng4 8. d4 Bb6 9. h3 Nf6 10. Bg5 h6 11. Bh4 g5 12. Bf2 Ba5 13. Qe2 Qe7 14. Bd3 Nh5 15. g3 g4 16. Nd2 Rg8 17. Nd5 Qg5 18. h4 Qg7 19. c3 Bd7 20. Nc4 Bb6 21. Ncxb6 axb6 22. Nxc7+ Ke7 23. Nxa8 Rxa8 24. O-O Re8 25. Kh2 Kd8 26. Qd2 Kc7 27. Be3 Rh8 28. Rf2 Ne7 29. Raf1 f5 30. exf5 Qf6 31. c4 Bc6 32. b4 1-0

[Event "Confrontation I 1989-90"]
[Site "Longueuil CAN"]
[Date "1989.10.13"]
[Round "4"]
[White "Marcil, Julien"]
[Black "Charest, Johanne"]
[Result "0-1"]
[WhiteElo "1500"]
[BlackElo "1600"]
[PlyCount "92"]
[GameId "2160767912502419"]
[EventDate "1989.09.22"]
[EventType "swiss"]
[EventRounds "5"]
[EventCountry "CAN"]

1. e4 e5 2. Nf3 Nc6 3. Bb5 a6 4. Ba4 Nf6 5. O-O b5 6. Bb3 Be7 7. Re1 d6 8. c3 O-O 9. d4 Bg4 10. d5 Na5 11. Nbd2 Qd7 12. a4 Rfb8 13. Kh1 Nxb3 14. Nxb3 c6 15. dxc6 Qxc6 16. Na5 Qc7 17. Nb3 Qd7 18. axb5 Qxb5 19. Bg5 Qxb3 20. Qxb3 Rxb3 21. Rab1 Bxf3 22. gxf3 h6 23. Be3 Rab8 24. Bc1 Nd7 25. Rg1 h5 26. Ra1 Nc5 27. Bh6 g6 28. Bc1 h4 29. h3 Nd3 30. Kg2 Nxb2 31. Bxb2 Rxb2 32. Rxa6 Rc8 33. Rc1 Rb3 34. c4 Rb4 35. c5 dxc5 36. Ra5 Kg7 37. Ra7 Bf8 38. Ra2 g5 39. Rd2 Kg6 40. Rd5 f6 41. Rd3 f5 42. exf5+ Kxf5 43. Rdc3 Be7 44. Rc4 Rcb8 45. R1c2 Rxc4 46. Rxc4 Rb4 0-1

[Event "Confrontation II 1989-90"]
[Site "Longueuil CAN"]
[Date "1989.10.20"]
[Round "1"]
[White "Arsenault, Nicolas"]
[Black "Charest, Johanne"]
[Result "1-0"]
[WhiteElo "1838"]
[BlackElo "1600"]
[PlyCount "47"]
[GameId "2160767912494202"]
[EventDate "1989.10.20"]
[EventType "swiss"]
[EventRounds "5"]
[EventCountry "CAN"]

1. d4 d5 2. c4 c6 3. Nf3 Nf6 4. Nc3 e6 5. Bg5 Nbd7 6. e3 Bb4 7. Qc2 h6 8. Bxf6 Nxf6 9. Bd3 dxc4 10. Bxc4 O-O 11. O-O Re8 12. a3 Bd6 13. Rfd1 Qc7 14. Rac1 e5 15. dxe5 Bxe5 16. Nxe5 Qxe5 17. h3 Qg5 18. Kh1 b5 19. Be2 Bf5 20. Bd3 Bc8 21. Ne4 Nxe4 22. Bxe4 Qh4 23. Rd4 c5 24. Bh7+ 1-0

[Event "Confrontation II 1989-90"]
[Site "Longueuil CAN"]
[Date "1989.10.20"]
[Round "1"]
[White "Morin, Louis"]
[Black "Marcil, Alexandre"]
[Result "1-0"]
[WhiteElo "1951"]
[BlackElo "1645"]
[PlyCount "93"]
[GameId "2160767912494203"]
[EventDate "1989.10.20"]
[EventType "swiss"]
[EventRounds "5"]
[EventCountry "CAN"]
[SourceTitle "hb 2013"]

1. e4 e5 2. Nf3 Nc6 3. Nc3 Nf6 4. Bb5 Bc5 5. O-O O-O 6. Nxe5 Nxe5 7. d4 Bxd4 8. Qxd4 d6 9. f4 Ng6 10. Bd2 Bd7 11. Bxd7 Qxd7 12. f5 Ne5 13. Bg5 Kh8 14. Bxf6 gxf6 15. Nd5 Qd8 16. Kh1 c6 17. Nf4 Qe7 18. Rae1 Rg8 19. h3 a6 20. Qf2 Rg5 21. Qe2 Rag8 22. Rd1 Rg3 23. Rd2 b5 24. b3 a5 25. Rfd1 Rd8 26. Qf2 Rg5 27. g4 Rd7 28. Ng2 Rg8 29. Qf4 Rdd8 30. Rd4 Rge8 31. Qh6 Nf3 32. R4d3 Ne5 33. Rg3 Rg8 34. Qe3 Rg5 35. Nf4 Rdg8 36. Rdg1 Ra8 37. h4 Rgg8 38. g5 fxg5 39. hxg5 Rae8 40. Nh5 Nd7 41. Rg4 Qe5 42. f6 d5 43. Ng7 Rd8 44. Rh4 dxe4 45. Rxh7+ Kxh7 46. Qh3+ Kg6 47. Qh6# 1-0

[Event "Confrontation II 1989-90"]
[Site "Longueuil CAN"]
[Date "1989.10.27"]
[Round "2"]
[White "Charest, Johanne"]
[Black "Roy, Jean-Marie"]
[Result "1/2-1/2"]
[WhiteElo "1600"]
[BlackElo "1521"]
[PlyCount "58"]
[GameId "2160767912494204"]
[EventDate "1989.10.20"]
[EventType "swiss"]
[EventRounds "5"]
[EventCountry "CAN"]

1. e4 e5 2. Nf3 Nc6 3. Bc4 Be7 4. c3 Bf6 5. d4 exd4 6. cxd4 d6 7. h3 a6 8. Nc3 g6 9. O-O Bg7 10. Re1 Nf6 11. Bg5 O-O 12. Nd5 Be6 13. Nxf6+ Bxf6 14. Bxf6 Qxf6 15. d5 Na5 16. dxe6 Nxc4 17. Qd5 Ne5 18. Nxe5 Qxe5 19. exf7+ Rxf7 20. Qxb7 Raf8 21. Rf1 a5 22. Rac1 c5 23. Qb6 a4 24. Rc4 Ra8 25. Qc6 Rfa7 26. Rd1 Ra6 27. Qb7 Qe8 28. Rc2 Rc6 29. Rcd2 Rb8 1/2-1/2

[Event "Confrontation II 1989-90"]
[Site "Longueuil CAN"]
[Date "1989.10.27"]
[Round "2"]
[White "Lavoie, Denis"]
[Black "Morin, Louis"]
[Result "1/2-1/2"]
[WhiteElo "1925"]
[BlackElo "1951"]
[PlyCount "110"]
[GameId "2160767912494205"]
[EventDate "1989.10.20"]
[EventType "swiss"]
[EventRounds "5"]
[EventCountry "CAN"]
[SourceTitle "hb 2013"]

1. d4 d5 2. c4 e6 3. Nc3 c5 4. cxd5 exd5 5. Nf3 Nc6 6. g3 Nf6 7. Bg5 Be7 8. dxc5 d4 9. Bxf6 Bxf6 10. Ne4 Be7 11. Bg2 f5 12. Nd6+ Bxd6 13. cxd6 Qxd6 14. O-O O-O 15. e3 d3 16. Ng5 Ne5 17. Qb3+ Kh8 18. f4 Ng4 19. Nf7+ Rxf7 20. Qxf7 Be6 21. Qxb7 Rb8 22. Qxa7 Rxb2 23. Rab1 Qb4 24. Qa8+ Bg8 25. Bd5 Nf6 26. Bxg8 Nxg8 27. Rxb2 Qxb2 28. Qg2 d2 29. Rd1 Qxa2 30. Qxd2 Qxd2 31. Rxd2 h6 32. h3 Nf6 33. Kg2 Kg8 34. Kf3 h5 35. Ra2 Kf7 36. Ra7+ Kf8 37. Ra4 Kf7 38. Ra7+ Kf8 39. Ra6 Ne4 40. Ra5 g6 41. Ra4 Nc5 42. Rc4 Ne6 43. Rc6 Kf7 44. Rxe6 Kxe6 45. e4 fxe4+ 46. Kxe4 Kf6 47. Kd5 Kf5 48. Kd4 h4 49. Ke3 hxg3 50. Kf3 g2 51. Kxg2 Kxf4 52. Kf2 Kf5 53. Kf3 Kg5 54. Kg3 Kh5 55. h4 g5 1/2-1/2

[Event "Confrontation II 1989-90"]
[Site "Longueuil CAN"]
[Date "1989.11.03"]
[Round "3"]
[White "Charest, Johanne"]
[Black "Bergeron, Marc"]
[Result "0-1"]
[WhiteElo "1600"]
[BlackElo "1886"]
[PlyCount "70"]
[GameId "2160767912494206"]
[EventDate "1989.10.20"]
[EventType "swiss"]
[EventRounds "5"]
[EventCountry "CAN"]

1. e4 Nc6 2. Nf3 Nf6 3. Nc3 d5 4. exd5 Nxd5 5. Ne4 Bg4 6. c3 e5 7. Bc4 f5 8. Neg5 e4 9. Ne6 Qd6 10. Bxd5 exf3 11. gxf3 Bh3 12. Qe2 Kd7 13. Qc4 Re8 14. Kd1 Rxe6 15. Bxe6+ Qxe6 16. Qxe6+ Kxe6 17. Re1+ Kd7 18. d4 Bd6 19. f4 Bg4+ 20. Kc2 Ne7 21. c4 Ng6 22. b3 Bxf4 23. Bxf4 Nxf4 24. Re3 Re8 25. Kd2 g5 26. Rae1 Rxe3 27. Rxe3 Ng6 28. Rg3 h6 29. f3 Bh5 30. Rh3 Nh4 31. f4 Bg4 32. Rg3 gxf4 33. Rc3 Nf3+ 34. Kd3 Nxh2 35. Rc1 Nf3 0-1

[Event "Confrontation II 1989-90"]
[Site "Longueuil CAN"]
[Date "1989.11.03"]
[Round "3"]
[White "Jette, Georges"]
[Black "Morin, Louis"]
[Result "0-1"]
[WhiteElo "1733"]
[BlackElo "1951"]
[PlyCount "88"]
[GameId "2160767912494207"]
[EventDate "1989.10.20"]
[EventType "swiss"]
[EventRounds "5"]
[EventCountry "CAN"]
[SourceTitle "hb 2013"]

1. c4 e6 2. b3 d5 3. g3 Nf6 4. Bg2 Be7 5. Bb2 O-O 6. Nf3 c5 7. e3 Nc6 8. O-O d4 9. exd4 cxd4 10. d3 Re8 11. Re1 Bf8 12. a3 a5 13. Bc1 e5 14. Bg5 h6 15. Bd2 Bf5 16. Qc2 Qb6 17. Nh4 Bh7 18. Ra2 g5 19. Nf3 e4 20. dxe4 Nxe4 21. Qd1 Bc5 22. Rf1 Nd6 23. h4 f6 24. hxg5 fxg5 25. Bxg5 hxg5 26. Nxg5 Bf5 27. Bd5+ Kg7 28. Rd2 Qd8 29. Nf3 Ne4 30. Bxc6 Nxd2 31. Qxd2 bxc6 32. b4 axb4 33. axb4 Bxb4 34. Qxb4 Rb8 35. Qc5 Bxb1 36. Nxd4 Qf6 37. Nxc6 Rb7 38. Nb4 Be4 39. f4 Rd7 40. Nd5 Bxd5 41. cxd5 Re4 42. Rd1 Rde7 43. Kf2 Qb2+ 44. Kf3 Qe2# 0-1

[Event "Confrontation II 1989-90"]
[Site "Longueuil CAN"]
[Date "1989.11.10"]
[Round "4"]
[White "Lebel, Jean-Marie"]
[Black "Charest, Johanne"]
[Result "0-1"]
[WhiteElo "1559"]
[BlackElo "1600"]
[PlyCount "88"]
[GameId "2160767912494208"]
[EventDate "1989.10.20"]
[EventType "swiss"]
[EventRounds "5"]
[EventCountry "CAN"]

1. e4 e5 2. Nf3 Nc6 3. Bb5 a6 4. Ba4 Nf6 5. O-O Be7 6. Re1 b5 7. Bb3 d6 8. h3 O-O 9. c3 Bb7 10. d4 h6 11. Bc2 Re8 12. d5 Nb8 13. Be3 Nbd7 14. Nbd2 c6 15. dxc6 Bxc6 16. Nh2 Rc8 17. f4 exf4 18. Bxf4 Bf8 19. g4 Qb6+ 20. Be3 Qb7 21. Bb3 Bxe4 22. Nxe4 Qxe4 23. Qd2 Qc6 24. g5 hxg5 25. Bxg5 d5 26. Qf4 Bc5+ 27. Kf1 Ne4 28. Nf3 Bd6 29. Qg4 Ne5 30. Nxe5 Bxe5 31. Bf4 Qf6 32. Bxd5 Nd2+ 33. Kg2 Qxf4 34. Bb7 Rb8 35. Bxa6 Red8 36. a4 Nb3 37. Ra3 bxa4 38. Rxa4 Qxg4+ 39. Rxg4 Bf6 40. Re2 Nc5 41. Bc4 Rd7 42. Rf2 Rd6 43. Ba2 Nd3 44. Rf1 Rxb2+ 0-1

[Event "Confrontation III 1989-90"]
[Site "Longueuil CAN"]
[Date "1989.11.24"]
[Round "1"]
[White "Ayotte, Jocelyn"]
[Black "Morin, Louis"]
[Result "1/2-1/2"]
[WhiteElo "1669"]
[BlackElo "1888"]
[PlyCount "70"]
[GameId "2160767912494172"]
[EventDate "1989.11.24"]
[EventType "swiss"]
[EventRounds "5"]
[EventCountry "CAN"]
[SourceTitle "hb 2013"]

1. d4 d5 2. c4 e6 3. Nf3 c5 4. cxd5 exd5 5. Nc3 Nc6 6. g3 Nf6 7. Bg2 Be7 8. O-O O-O 9. Bg5 Be6 10. Rc1 Ne4 11. Bxe7 Qxe7 12. dxc5 Rfd8 13. e3 Nxc5 14. Qe2 d4 15. Nxd4 Nxd4 16. exd4 Rxd4 17. Rfd1 Rad8 18. Rxd4 Rxd4 19. Nd5 Qf8 20. Qe5 Rxd5 21. Bxd5 Nd3 22. Qe3 Nxc1 23. Bxe6 fxe6 24. Qxc1 Qd8 25. Qe3 Qd1+ 26. Kg2 Qd5+ 27. Qf3 Qxa2 28. Qxb7 h6 29. h4 a6 30. b3 Qe2 31. Qc8+ Kf7 32. Qd7+ Kf6 33. Qd8+ Ke5 34. Qc7+ Kf6 35. Qf4+ Ke7 1/2-1/2

[Event "Confrontation III 1989-90"]
[Site "Longueuil CAN"]
[Date "1989.11.24"]
[Round "1"]
[White "Bergeron, Marc"]
[Black "Charest, Johanne"]
[Result "1-0"]
[WhiteElo "1800"]
[BlackElo "1617"]
[PlyCount "71"]
[GameId "2160767912494173"]
[EventDate "1989.11.24"]
[EventType "swiss"]
[EventRounds "5"]
[EventCountry "CAN"]

1. d4 d5 2. c4 c6 3. Nf3 Nf6 4. Nc3 e6 5. cxd5 cxd5 6. Bf4 Bd6 7. Bg3 Nc6 8. e3 a6 9. Ne5 Bd7 10. Nxf7 Kxf7 11. Bxd6 Re8 12. f4 Bc8 13. Be5 Kg8 14. Be2 Rf8 15. O-O Ne7 16. Bd3 b5 17. b4 Bb7 18. a4 bxa4 19. Nxa4 Nc6 20. Nc5 Bc8 21. b5 Nb4 22. bxa6 Rf7 23. Bxf6 Rxf6 24. Qd2 Nxd3 25. Qxd3 Qd6 26. Rfb1 Rf7 27. Qb5 Rc7 28. Qe8+ Qf8 29. Qxf8+ Kxf8 30. Rb6 Ke7 31. Rab1 Rca7 32. Rc6 Kf7 33. Rbb6 Re7 34. Nd3 Rea7 35. Nc5 Re7 36. Kf2 1-0

[Event "Confrontation III 1989-90"]
[Site "Longueuil CAN"]
[Date "1989.12.01"]
[Round "2"]
[White "Morin, Louis"]
[Black "Reiner, Thomas"]
[Result "1-0"]
[WhiteElo "1888"]
[BlackElo "1601"]
[PlyCount "107"]
[GameId "2160767912494174"]
[EventDate "1989.11.24"]
[EventType "swiss"]
[EventRounds "5"]
[EventCountry "CAN"]
[SourceTitle "hb 2013"]

1. e4 c6 2. d4 d5 3. Nc3 dxe4 4. Nxe4 Nf6 5. Nxf6+ gxf6 6. Bf4 Bf5 7. Ne2 Nd7 8. Ng3 Bg6 9. h4 h5 10. Be2 e5 11. Be3 Qa5+ 12. c3 O-O-O 13. O-O f5 14. f4 e4 15. b4 Qc7 16. Qb3 Nf6 17. c4 Ng4 18. Bxg4 hxg4 19. Rfc1 Bg7 20. Ne2 Rxh4 21. Kf2 Qe7 22. Rab1 g3+ 23. Kxg3 Rg4+ 24. Kf2 Qh4+ 25. g3 Qh2+ 26. Ke1 Rxg3 27. Nxg3 Qxg3+ 28. Bf2 Qxf4 29. Qe3 Qxe3+ 30. Bxe3 Bxd4 31. Bxd4 Rxd4 32. Rb2 f4 33. Rd2 Rxd2 34. Kxd2 e3+ 35. Ke2 Bh5+ 36. Kd3 e2 37. Ke4 f3 38. Ke3 f5 39. Kf2 Kc7 40. c5 b6 41. Rh1 Bg4 42. Rh7+ Kb8 43. a4 a5 44. cxb6 axb4 45. a5 b3 46. a6 f4 47. a7+ Ka8 48. Rh8+ Kb7 49. Rb8+ Ka6 50. a8=Q+ Kb5 51. Qa3 Be6 52. Rd8 Bd5 53. b7 Kc4 54. Qb2 1-0

[Event "Confrontation III 1989-90"]
[Site "Longueuil CAN"]
[Date "1989.12.08"]
[Round "2"]
[White "Morin, Louis"]
[Black "Chaput, Daniel"]
[Result "1-0"]
[WhiteElo "1888"]
[BlackElo "1552"]
[PlyCount "22"]
[GameId "2160767912494175"]
[EventDate "1989.11.24"]
[EventType "swiss"]
[EventRounds "5"]
[EventCountry "CAN"]
[SourceTitle "hb 2013"]

1. e4 e6 2. d4 d5 3. e5 c5 4. c3 Nc6 5. Nf3 Qb6 6. Be2 Bd7 7. O-O O-O-O 8. dxc5 Bxc5 9. b4 Be7 10. Be3 d4 11. Nxd4 Nxe5 1-0

[Event "Confrontation III 1989-90"]
[Site "Longueuil CAN"]
[Date "1989.12.08"]
[Round "3"]
[White "Reiner, Thomas"]
[Black "Charest, Johanne"]
[Result "1/2-1/2"]
[WhiteElo "1600"]
[BlackElo "1617"]
[PlyCount "66"]
[GameId "2160767912494176"]
[EventDate "1989.11.24"]
[EventType "swiss"]
[EventRounds "5"]
[EventCountry "CAN"]

1. d4 d5 2. c4 c6 3. cxd5 cxd5 4. Nc3 Nf6 5. Bf4 e6 6. e3 Bd7 7. Nf3 Nc6 8. a3 Be7 9. Bd3 O-O 10. O-O a6 11. b4 Rc8 12. Rc1 Re8 13. Ne5 Bf8 14. Bg5 Rc7 15. f4 h6 16. Bh4 b5 17. Rf3 Be7 18. h3 Nh5 19. Bf2 Bh4 20. Qe1 Bxf2+ 21. Qxf2 Qc8 22. g4 Nf6 23. g5 hxg5 24. fxg5 Nxe5 25. dxe5 Rxc3 26. Rd1 Ne4 27. Bxe4 dxe4 28. Rxf7 Rc7 29. Rf1 Rc1 30. Rxg7+ Kxg7 31. Qf6+ Kg8 32. Qf7+ Kh8 33. Qf6+ Kg8 1/2-1/2

[Event "Confrontation III 1989-90"]
[Site "Longueuil CAN"]
[Date "1989.12.15"]
[Round "4"]
[White "Charest, Johanne"]
[Black "Hetu, Sylvain"]
[Result "1/2-1/2"]
[WhiteElo "1616"]
[BlackElo "1722"]
[PlyCount "95"]
[GameId "2160767912494177"]
[EventDate "1989.11.24"]
[EventType "swiss"]
[EventRounds "5"]
[EventCountry "CAN"]

1. e4 e6 2. d4 d5 3. e5 c5 4. c3 Nc6 5. Nf3 Qc7 6. Be2 Bd7 7. Nbd2 Rc8 8. O-O Nge7 9. Re1 cxd4 10. cxd4 Nb4 11. Rf1 Nc2 12. Rb1 Nf5 13. Nb3 Ba4 14. Na1 Qc6 15. b3 Nxa1 16. bxa4 a6 17. Rxa1 Be7 18. Bg5 f6 19. exf6 gxf6 20. Bf4 Kf7 21. Rc1 Qd7 22. g4 Rcg8 23. g5 h6 24. Rc7 Qd8 25. Rxb7 hxg5 26. Ne5+ Kf8 27. Nc6 gxf4+ 28. Kh1 Qd6 29. Rb8+ Kg7 30. Rg1+ Ng3+ 31. fxg3 Rxb8 32. gxf4+ Kf8 33. Nxb8 Qxf4 34. Nd7+ Ke8 35. Nxf6+ Bxf6 36. Bh5+ Ke7 37. Rg4 Qe3 38. Bg6 Qf2 39. Rg2 Qxd4 40. Qc1 Kd6 41. Qb1 Qxa4 42. Qb6+ Qc6 43. Qb4+ Kd7 44. Qf4 Ke7 45. Rc2 Bc3 46. Qf7+ Kd6 47. Qf4+ Ke7 48. Qf7+ 1/2-1/2

[Event "Confrontation III 1989-90"]
[Site "Longueuil CAN"]
[Date "1989.12.15"]
[Round "4"]
[White "Lavoie, Denis"]
[Black "Morin, Louis"]
[Result "1-0"]
[WhiteElo "1747"]
[BlackElo "1888"]
[PlyCount "101"]
[GameId "2160767912494178"]
[EventDate "1989.11.24"]
[EventType "swiss"]
[EventRounds "5"]
[EventCountry "CAN"]
[SourceTitle "hb 2013"]

1. d4 d5 2. c4 e6 3. Nc3 c5 4. cxd5 exd5 5. g3 Nc6 6. Nf3 Nf6 7. Bg5 cxd4 8. Nxd4 Bc5 9. e3 Nxd4 10. exd4 Qe7+ 11. Be2 Bb4 12. O-O Bxc3 13. bxc3 O-O 14. c4 Be6 15. c5 h6 16. Bf4 Qd7 17. a4 Bg4 18. Bxg4 Qxg4 19. Qxg4 Nxg4 20. f3 Nf6 21. a5 Rfe8 22. Rfb1 Re7 23. Ra2 Ne8 24. a6 bxa6 25. Rxa6 f6 26. Rb8 Rxb8 27. Bxb8 Rb7 28. Bxa7 Nc7 29. Ra4 Kf7 30. Bb6 Ne6 31. Kf2 Ke7 32. Ke3 Kd7 33. Ra8 Kc6 34. h4 Rf7 35. Re8 Kd7 36. Ra8 Kc6 37. f4 f5 38. h5 Re7 39. Ra7 Rxa7 40. Bxa7 Nc7 41. Bb8 Ne6 42. Be5 Kb5 43. Kf3 Kc6 44. g4 fxg4+ 45. Kxg4 Kd7 46. Kf5 Ke7 47. Kg6 Kf8 48. f5 Kg8 49. fxe6 Kf8 50. Bxg7+ Kg8 51. Bxh6 1-0